One road, two ways: integration of Estonia and Latvia to Economic and monetary union

Budovanie národných ekonomík Lotyšska a Estónska. Estónsko - menová politika a stabilizácia. Lotyšsko - menová politika a stabilizácia. Obdobie stabilizácie a vývoj po ňom. Európska únia a menová integrácia. Problémy okolo maastrichtských kritérií. Nástrahy stabilizačnej politiky. Rozpočtovanie - kľ...

Description complète

Enregistré dans:
Détails bibliographiques
Auteur principal: Baboš, Pavol
Format: Chapitre de livre
Langue:anglais
Sujets:
Tags: Ajouter un tag
Pas de tags, Soyez le premier à ajouter un tag!

MARC

LEADER 00000naa a2200000 4500
001 0125540
005 20231009114209.9
041 0 |a eng 
044 |a SK 
245 1 0 |a One road, two ways: integration of Estonia and Latvia to Economic and monetary union  |c Pavol Baboš 
520 |a Budovanie národných ekonomík Lotyšska a Estónska. Estónsko - menová politika a stabilizácia. Lotyšsko - menová politika a stabilizácia. Obdobie stabilizácie a vývoj po ňom. Európska únia a menová integrácia. Problémy okolo maastrichtských kritérií. Nástrahy stabilizačnej politiky. Rozpočtovanie - kľúč k úspechu? 
610 2 0 |a politika menová 
610 2 0 |a stabilizácia hospodárstva 
610 2 0 |a únie menové 
610 2 0 |a rozpočtovanie 
610 2 0 |a Lotyšsko 
610 2 0 |a Estónsko 
100 1 |a Baboš, Pavol